| 000 | 00797cab a2200217 4500 | ||
|---|---|---|---|
| 001 | WB2911-25 | ||
| 008 | 090401t xxu||||| |||| 00| 0 eng d | ||
| 035 | _a(Sirsi) u72358 | ||
| 041 | _aeng | ||
| 245 | _aFirst EPA prosecution | ||
| 260 | _c(170) 16 March 1993(2) | ||
| 350 | _a0 | ||
| 490 |
_aDoE News Release _v(170) 16 March 1993(2) |
||
| 520 | _aThe first prosecution for HM Inspectorate of Pollution under the Environmental Protection Act 1990 has been successful. It was against Brookridge Timber Ltd for treating timber, using a toxic substance without authorisation under the act. | ||
| 650 | _aENVIRONMENTAL PROTECTION ACT 1990 | ||
| 650 | _aTIMBER TREATMENTS | ||
| 650 | _aTOXIC SUBSTANCES | ||
| 690 | _aENVIRONMENTAL AND LAND CONSULTANCY | ||
| 942 | _n0 | ||
| 948 | _c04/03/1997 | ||
| 999 |
_c45712 _d45712 |
||